[Event "2021 FIDE Online Olympiad"]
[Site "Chess.com"]
[Date "2021.08.27"]
[Round "2.3"]
[White "Cordero, Daniela"]
[Black "de Leon, Patricia"]
[Result "1-0"]
[WhiteElo "1981"]
[BlackElo "1861"]
[PlyCount "65"]
[EventDate "2021.08.27"]
[EventType "team"]
[EventRounds "9"]
[SourceVersionDate "2018.05.14"]
[WhiteTeam "Bolivia"]
[BlackTeam "Uruguay"]
[WhiteTeamCountry "BOL"]
[BlackTeamCountry "URU"]

1. d4 d5 2. Nf3 Nf6 3. c4 e6 4. g3 Be7 5. Bg2 O-O 6. O-O dxc4 7. Ne5 Nc6 8.
Nxc6 bxc6 9. Na3 Ba6 10. Qa4 Bb5 11. Nxb5 cxb5 12. Qxb5 Rb8 13. Qxc4 Nd5 14.
Rd1 Rb4 15. Qc2 Qb8 16. b3 Rb5 17. e4 Nb4 18. Qc4 Rd8 19. a3 Na6 20. b4 Bf6 21.
Be3 Rb6 22. e5 Be7 23. d5 exd5 24. Bxd5 Rxd5 25. Rxd5 Re6 26. f4 c6 27. Rd7 Nc7
28. Bf2 a5 29. bxa5 Nd5 30. a6 Nb6 31. Rb7 Nxc4 32. Rxb8+ Bf8 33. Bc5 1-0

[Event "2021 FIDE Online Olympiad"]
[Site "Chess.com"]
[Date "2021.08.27"]
[Round "2.4"]
[White "Quevedo, Andreina"]
[Black "Monroy G., Nataly A."]
[Result "0-1"]
[WhiteElo "1843"]
[BlackElo "1906"]
[PlyCount "98"]
[EventDate "2021.08.27"]
[EventType "team"]
[EventRounds "9"]
[SourceVersionDate "2018.05.14"]
[WhiteTeam "Uruguay"]
[BlackTeam "Bolivia"]
[WhiteTeamCountry "URU"]
[BlackTeamCountry "BOL"]

1. c4 e5 2. Nc3 f5 3. e3 Nf6 4. g3 g6 5. Bg2 Bg7 6. Nge2 O-O 7. O-O d6 8. d4 c6
9. Rb1 Nbd7 10. b4 Qe7 11. a4 e4 12. b5 h6 13. Qb3 Kh7 14. a5 Re8 15. bxc6 bxc6
16. Qa4 c5 17. Nb5 Nf8 18. a6 Rb8 19. d5 Rb6 20. Bd2 Bxa6 21. Ba5 Bxb5 22. Rxb5
Rxb5 23. Qxb5 N8d7 24. Rb1 Ne5 25. Bc3 Nfd7 26. Qa6 Nb6 27. Bxe5 Bxe5 28. Nf4
Bxf4 29. gxf4 Qg7 30. h4 Re7 31. Kh2 g5 32. hxg5 hxg5 33. fxg5 Qxg5 34. Rh1 Rg7
35. Kg1+ Kg8 36. Rh2 Qg4 37. Qa1 Nxc4 38. Kh1 Nd2 39. Bh3 Qf3+ 40. Bg2 Qe2 41.
Bh3 Qf3+ 42. Bg2 Qxf2 43. Bxe4 Qxe3 44. Bg2 f4 45. Qc1 f3 46. Bh3 f2 47. Be6+
Kf8 48. Rh8+ Ke7 49. Bh3 Qe1+ 0-1

[Event "2021 FIDE Online Olympiad"]
[Site "Chess.com"]
[Date "2021.08.27"]
[Round "2.5"]
[White "Vera, Pavel"]
[Black "Romero, Juan"]
[Result "1-0"]
[WhiteElo "1579"]
[BlackElo "1457"]
[PlyCount "58"]
[EventDate "2021.08.27"]
[EventType "team"]
[EventRounds "9"]
[SourceVersionDate "2018.05.14"]
[WhiteTeam "Bolivia"]
[BlackTeam "Uruguay"]
[WhiteTeamCountry "BOL"]
[BlackTeamCountry "URU"]

1. d4 Nf6 2. c4 e6 3. Nc3 Bb4 4. e3 b6 5. Nge2 Bb7 6. a3 Bc5 7. dxc5 bxc5 8.
Nf4 O-O 9. Be2 Nc6 10. Bf3 Ba6 11. Bxc6 dxc6 12. Qa4 Bb7 13. O-O e5 14. Rd1 Qe7
15. Nfe2 Ng4 16. h3 Nf6 17. e4 Rfd8 18. Rxd8+ Qxd8 19. Bg5 h6 20. Be3 Nd7 21.
Rd1 Qe7 22. Ng3 Nb6 23. Qc2 Nxc4 24. Nf5 Qf8 25. Na4 Nxe3 26. Nxe3 g6 27. Qxc5
Qxc5 28. Nxc5 Bc8 29. Rd8+ Kg7 1-0

[Event "2021 FIDE Online Olympiad"]
[Site "Chess.com"]
[Date "2021.08.27"]
[Round "2.6"]
[White "Malan, Lucia"]
[Black "Beltran Salvador, Milka"]
[Result "1-0"]
[WhiteElo "1876"]
[BlackElo "1496"]
[PlyCount "105"]
[EventDate "2021.08.27"]
[EventType "team"]
[EventRounds "9"]
[SourceVersionDate "2018.05.14"]
[WhiteTeam "Uruguay"]
[BlackTeam "Bolivia"]
[WhiteTeamCountry "URU"]
[BlackTeamCountry "BOL"]

1. e4 c5 2. Nf3 Nc6 3. d4 cxd4 4. Nxd4 e6 5. Nc3 Qc7 6. Be2 a6 7. O-O Nf6 8.
Be3 Bb4 9. Nxc6 bxc6 10. Bf3 d6 11. a3 Ba5 12. Bg5 Nd7 13. g3 Rb8 14. b4 Bb6
15. Qd2 a5 16. b5 h6 17. bxc6 Qxc6 18. Be3 Bxe3 19. Qxe3 Ba6 20. Ne2 Ne5 21.
Bg2 Qxc2 22. Qa7 Qc8 23. Rfc1 Qb7 24. Qxb7 Bxb7 25. Rd1 Ke7 26. Nd4 Rhc8 27. f4
Nc4 28. Rd3 Ba6 29. Rc3 g6 30. Rac1 e5 31. fxe5 dxe5 32. Nf3 f6 33. Bh3 Rd8 34.
Bf1 Rbc8 35. Bxc4 Bxc4 36. Rxc4 Rxc4 37. Rxc4 Rd3 38. Nh4 g5 39. Nf5+ Kd7 40.
Ra4 Rd1+ 41. Kg2 Rd2+ 42. Kh3 Re2 43. Nxh6 Kc6 44. Rxa5 Rxe4 45. Ng4 Kb6 46.
Nxf6 Kxa5 47. Nxe4 Ka4 48. Nxg5 Kxa3 49. Kg4 Kb4 50. Kf5 Kc5 51. Kxe5 Kc6 52.
h4 Kb5 53. h5 1-0

[Event "2021 FIDE Online Olympiad"]
[Site "Chess.com"]
[Date "2021.08.27"]
[Round "2.3"]
[White "Ioannides Liu, Alice"]
[Black "Seine, Rose Berline"]
[Result "0-1"]
[WhiteElo "1475"]
[BlackElo "1679"]
[PlyCount "152"]
[EventDate "2021.08.27"]
[EventType "team"]
[EventRounds "9"]
[SourceVersionDate "2018.05.14"]
[WhiteTeam "Cyprus"]
[BlackTeam "Haiti"]
[WhiteTeamCountry "CYP"]
[BlackTeamCountry "HAI"]

1. e4 e5 2. Nf3 Nc6 3. Bb5 Bc5 4. O-O d6 5. h3 Nge7 6. d4 exd4 7. Nxd4 O-O 8.
Nxc6 Nxc6 9. Nc3 Be6 10. a3 Nd4 11. Bd3 f5 12. b4 Bb6 13. Nd5 fxe4 14. Nxb6
axb6 15. Bxe4 Nc6 16. b5 Ne5 17. Bxb7 Rb8 18. Be4 Qf6 19. Bb2 Qf4 20. Bd5 Rbe8
21. Bxe6+ Rxe6 22. Qd5 Rfe8 23. Bxe5 Qxe5 24. Qb3 Kf8 25. Qe3 Qxe3 26. fxe3+
Kg8 27. Rf2 Rxe3 28. c4 Ra8 29. Rf3 Rxf3 30. gxf3 Ra4 31. Re1 Rxc4 32. Re7 Kf8
33. Rd7 h5 34. Kf2 g5 35. Kg3 h4+ 36. Kf2 Rc5 37. a4 Re5 38. Rxc7 Rc5 39. Rb7
Rc2+ 40. Kg1 Ra2 41. Rxb6 Rxa4 42. Rxd6 Kf7 43. Rd5 Kf6 44. Rd6+ Ke5 45. Rg6
Kf4 46. Rf6+ Kg3 47. Kf1 Kxh3 48. b6 Ra5 49. b7 Rb5 50. Rf7 Kg3 51. Rf5 Rxb7
52. Rxg5+ Kxf3 53. Rf5+ Kg3 54. Rh5 Rb1+ 55. Ke2 h3 56. Ke3 h2 57. Rh7 h1=Q 58.
Rg7+ Kh4 59. Rh7+ Kg5 60. Rxh1 Rxh1 61. Ke4 Rd1 62. Ke3 Kg4 63. Ke2 Rd8 64. Ke3
Kf5 65. Ke2 Ke4 66. Kf2 Rd3 67. Ke2 Kd4 68. Kf2 Re3 69. Kg2 Ke4 70. Kf2 Kf4 71.
Kg2 Rf3 72. Kh2 Kg4 73. Kg2 Rf6 74. Kh2 Rf2+ 75. Kg1 Kg3 76. Kh1 Rf1# 0-1

[Event "2021 FIDE Online Olympiad"]
[Site "Chess.com"]
[Date "2021.08.27"]
[Round "2.4"]
[White "Paul, Theophane"]
[Black "Ozbil, Djeren"]
[Result "0-1"]
[WhiteElo "1493"]
[BlackElo "1220"]
[PlyCount "146"]
[EventDate "2021.08.27"]
[EventType "team"]
[EventRounds "9"]
[SourceVersionDate "2018.05.14"]
[WhiteTeam "Haiti"]
[BlackTeam "Cyprus"]
[WhiteTeamCountry "HAI"]
[BlackTeamCountry "CYP"]

1. d4 d5 2. e3 e6 3. f4 Nf6 4. Bd3 c5 5. c3 Nc6 6. Nf3 Bd6 7. O-O cxd4 8. exd4
O-O 9. Ne5 Bc7 10. Be3 Re8 11. Nd2 h6 12. g4 Nxe5 13. fxe5 Nh7 14. Qf3 Rf8 15.
Rf2 Ng5 16. Bxg5 Qxg5 17. Kh1 f6 18. Raf1 Bd7 19. b3 Qh4 20. a4 a6 21. Qf4 Rf7
22. Nf3 Qh3 23. Rg1 fxe5 24. Bh7+ Kxh7 25. Qxf7 e4 26. Ne5 e3 27. Rf3 Qh4 28.
Rxe3 Bxe5 29. dxe5 Qg5 30. Qxd7 Qxe3 31. Qxe6 Qf3+ 32. Rg2 Rf8 33. Qf5+ Qxf5
34. gxf5 Rxf5 35. Kg1 Rxe5 36. Rd2 Kg6 37. Kg2 Kg5 38. Kg3 Kf6 39. Kf4 Ke6 40.
b4 g5+ 41. Kf3 h5 42. h3 Rf5+ 43. Ke3 g4 44. hxg4 hxg4 45. Kd4 g3 46. Re2+ Kf6
47. Rg2 Rg5 48. Ke3 Kg6 49. Kf3 Kf5 50. Rxg3 Rxg3+ 51. Kxg3 Ke4 52. Kf2 Kd3 53.
b5 axb5 54. axb5 Kxc3 55. Ke2 Kc4 56. Kd2 Kxb5 57. Kd3 Kc5 58. Kc3 b5 59. Kd3
b4 60. Kc2 Kc4 61. Kb2 d4 62. Kc2 b3+ 63. Kc1 Kc3 64. Kb1 d3 65. Kc1 d2+ 66.
Kd1 b2 67. Ke2 b1=Q 68. Ke3 d1=Q 69. Kf2 Qbc2+ 70. Ke3 Qdd3+ 71. Kf4 Kb2 72.
Kg4 Qcc4+ 73. Kg5 Qdd5+ 0-1

[Event "2021 FIDE Online Olympiad"]
[Site "Chess.com"]
[Date "2021.08.27"]
[Round "2.5"]
[White "Amvrosiades, Themistokles"]
[Black "Etienne, Angelo"]
[Result "0-1"]
[WhiteElo "1000"]
[BlackElo "1995"]
[PlyCount "118"]
[EventDate "2021.08.27"]
[EventType "team"]
[EventRounds "9"]
[SourceVersionDate "2018.05.14"]
[WhiteTeam "Cyprus"]
[BlackTeam "Haiti"]
[WhiteTeamCountry "CYP"]
[BlackTeamCountry "HAI"]

1. e4 c6 2. d4 d5 3. e5 c5 4. c3 Nc6 5. dxc5 a6 6. Nf3 Bg4 7. Be2 e6 8. Bf4
Bxc5 9. Nbd2 Nge7 10. Nb3 Bb6 11. Bg5 Qc7 12. Bf4 Ng6 13. Bg3 Bxf3 14. Bxf3
Ncxe5 15. Bxe5 Qxe5+ 16. Qe2 Qd6 17. h3 O-O 18. O-O Nf4 19. Qd2 h6 20. Nd4 Bc7
21. g3 Nxh3+ 22. Kh2 Ng5 23. Rh1 Bb6 24. Qe2 Bxd4 25. cxd4 Qb4 26. b3 Qxd4 27.
a3 Qc3 28. Bg2 Rac8 29. Rhc1 Qxb3 30. Rcb1 Qc3 31. Rc1 Qf6 32. Rab1 b5 33. Rxc8
Rxc8 34. Qd2 Qf5 35. Rc1 Rxc1 36. Qxc1 Qxf2 37. Qc8+ Kh7 38. Qc3 f5 39. Qb3 Ne4
40. Qd3 h5 41. Qf3 Qxf3 42. Bxf3 g6 43. Bxe4 fxe4 44. Kg2 Kg7 45. Kf2 Kf6 46.
Ke3 Ke5 47. Ke2 g5 48. Ke3 a5 49. Ke2 h4 50. gxh4 gxh4 51. Kf2 b4 52. axb4 axb4
53. Kg2 b3 54. Kh3 b2 55. Kxh4 b1=Q 56. Kg4 Qf1 57. Kg5 Qg2+ 58. Kh4 Kf5 59.
Kh5 Qh3# 0-1

[Event "2021 FIDE Online Olympiad"]
[Site "Chess.com"]
[Date "2021.08.27"]
[Round "2.6"]
[White "Jean Francois, Valencia"]
[Black "Miltiadou, Danai"]
[Result "0-1"]
[WhiteElo "1398"]
[BlackElo "1278"]
[PlyCount "118"]
[EventDate "2021.08.27"]
[EventType "team"]
[EventRounds "9"]
[SourceVersionDate "2018.05.14"]
[WhiteTeam "Haiti"]
[BlackTeam "Cyprus"]
[WhiteTeamCountry "HAI"]
[BlackTeamCountry "CYP"]

1. e4 e5 2. Nf3 d6 3. Bc4 Bg4 4. h3 Bh5 5. Nc3 Nf6 6. d3 Nc6 7. Bg5 Be7 8. O-O
Nd4 9. g4 Bg6 10. Nxd4 exd4 11. Ne2 d5 12. exd5 Nxd5 13. Bxe7 Nxe7 14. Nf4 a6
15. Qf3 O-O 16. Qxb7 Qd6 17. Nxg6 Nxg6 18. Qf3 Nh4 19. Qg3 Ng6 20. Qxd6 cxd6
21. Bd5 Rab8 22. b3 Nf4 23. Bg2 Rfc8 24. Bf3 Rxc2 25. Kh2 Nxd3 26. Kg3 g6 27.
Be4 Rc3 28. f3 Nc5 29. Rfe1 Re8 30. Bc6 Re5 31. b4 Ne6 32. Rac1 Nd8 33. Rxc3
dxc3 34. Be4 Ne6 35. Rc1 d5 36. Bd3 d4 37. Bxa6 Nc7 38. Bc4 Nd5 39. a4 Nxb4 40.
Bb3 Rc5 41. h4 c2 42. g5 d3 43. Re1 d2 44. Re8+ Kg7 45. Re7 c1=Q 46. Rxf7+ Kh8
47. Rf8+ Kg7 48. Rf7+ Kg8 49. Rc7+ Kf8 50. Rf7+ Ke8 51. Rxh7 Qg1+ 52. Kf4 Rf5+
53. Ke4 d1=Q 54. Rh8+ Ke7 55. Rh7+ Kf8 56. Rh8+ Kg7 57. Rg8+ Kh7 58. Bxd1 Qxd1
59. Re8 Qe1+ 0-1

[Event "2021 FIDE Online Olympiad"]
[Site "Chess.com"]
[Date "2021.08.27"]
[Round "2.1"]
[White "Winter Atwell, Adrian"]
[Black "Kamwendo, Precious"]
[Result "1-0"]
[WhiteElo "2073"]
[BlackElo "1934"]
[PlyCount "77"]
[EventDate "2021.08.27"]
[EventType "team"]
[EventRounds "9"]
[SourceVersionDate "2018.05.14"]
[WhiteTeam "Trinidad & Tobago"]
[BlackTeam "Malawi"]
[BlackTeamCountry "MWI"]

1. e4 c5 2. Nf3 d6 3. c3 Nf6 4. Be2 Nc6 5. d4 cxd4 6. cxd4 Nxe4 7. d5 Qa5+ 8.
Nc3 Nb8 9. O-O Nxc3 10. bxc3 Nd7 11. Qb3 a6 12. Be3 Qc7 13. a4 Nc5 14. Qc2 g6
15. Bd4 Bf5 16. Qd1 f6 17. a5 Bh6 18. Nh4 Bd7 19. f4 O-O 20. g4 Rac8 21. f5 g5
22. Ng2 Bg7 23. Rf3 Be8 24. Re3 Rf7 25. Ne1 Nd7 26. Nc2 Ne5 27. Bb6 Qd7 28. Nd4
Nc4 29. Bxc4 Rxc4 30. Qb3 Qc8 31. h3 Bf8 32. Rae1 Bd7 33. Nc6 Rxc6 34. dxc6
Qxc6 35. Qb4 Qc8 36. c4 Kg7 37. Bd4 Bc6 38. c5 dxc5 39. Bxc5 1-0

[Event "2021 FIDE Online Olympiad"]
[Site "Chess.com"]
[Date "2021.08.27"]
[Round "2.2"]
[White "Matola, Ernest"]
[Black "Johnson, Joshua"]
[Result "0-1"]
[WhiteElo "1812"]
[BlackElo "2145"]
[PlyCount "136"]
[EventDate "2021.08.27"]
[EventType "team"]
[EventRounds "9"]
[SourceVersionDate "2018.05.14"]
[WhiteTeam "Malawi"]
[BlackTeam "Trinidad & Tobago"]
[WhiteTeamCountry "MWI"]

1. e4 e5 2. d3 Nf6 3. Nf3 Nc6 4. c3 d5 5. Nbd2 Bd6 6. Be2 O-O 7. O-O b5 8. a4
b4 9. Qc2 Ba6 10. exd5 Nxd5 11. Ne4 h6 12. Nxd6 Qxd6 13. Re1 Rad8 14. Bf1 Nf6
15. c4 Bc8 16. c5 Qd5 17. Nd2 Nd4 18. Qd1 Bg4 19. f3 Qxc5 20. Kh1 Be6 21. Nc4
Bxc4 22. dxc4 Rfe8 23. Be3 Qa5 24. Bxd4 exd4 25. Bd3 Rxe1+ 26. Qxe1 Re8 27. Qf2
Qe5 28. h3 Nd7 29. Be4 Nc5 30. Bd5 Qe3 31. Qg3 Re7 32. Kh2 d3 33. f4 d2 34.
Qxe3 Rxe3 35. Rd1 Rd3 36. Bf3 Nxa4 37. Be2 Nxb2 38. Rb1 d1=Q 39. Bxd1 Nxd1 40.
Rxb4 Ne3 41. Rb7 Nxc4 42. Rxc7 Ne3 43. Rxa7 Rd2 44. Kg3 Nxg2 45. Kf3 Nh4+ 46.
Kg4 Ng6 47. f5 Rd4+ 48. Kf3 Rf4+ 49. Kg3 Rxf5 50. h4 h5 51. Ra4 Rc5 52. Rb4
Rc3+ 53. Kh2 Rf3 54. Kg2 Rf4 55. Rb5 Rxh4 56. Kg3 Rg4+ 57. Kh3 Ra4 58. Rc5 Ra3+
59. Kh2 h4 60. Rc4 Ne5 61. Re4 f6 62. Kg2 g5 63. Kh2 g4 64. Rb4 Ra2+ 65. Kh1 h3
66. Rb7 g3 67. Rb1 Rh2+ 68. Kg1 Nf3+ 0-1

[Event "2021 FIDE Online Olympiad"]
[Site "Chess.com"]
[Date "2021.08.27"]
[Round "2.3"]
[White "Johnson, Gabriella"]
[Black "Shriyan Santosh, Priyasha"]
[Result "0-1"]
[WhiteElo "1733"]
[BlackElo "1542"]
[PlyCount "46"]
[EventDate "2021.08.27"]
[EventType "team"]
[EventRounds "9"]
[SourceVersionDate "2018.05.14"]
[WhiteTeam "Trinidad & Tobago"]
[BlackTeam "Malawi"]
[BlackTeamCountry "MWI"]

1. e4 g6 2. d4 Bg7 3. Nc3 a6 4. Be3 b5 5. Qd2 h6 6. h4 Bb7 7. f3 d6 8. O-O-O
Nd7 9. Nh3 Rc8 10. g4 c5 11. g5 b4 12. Nd5 Bxd5 13. exd5 a5 14. Bb5 c4 15. Bf4
Qb6 16. Ba4 c3 17. Qd3 cxb2+ 18. Kb1 Rc3 19. Qe4 Ra3 20. Bxd7+ Kxd7 21. Rhe1 a4
22. gxh6 b3 23. cxb3 axb3 0-1

[Event "2021 FIDE Online Olympiad"]
[Site "Chess.com"]
[Date "2021.08.27"]
[Round "2.4"]
[White "Msukwa, Tupokiwe"]
[Black "James, Shemilah"]
[Result "0-1"]
[WhiteElo "1299"]
[BlackElo "1494"]
[PlyCount "78"]
[EventDate "2021.08.27"]
[EventType "team"]
[EventRounds "9"]
[SourceVersionDate "2018.05.14"]
[WhiteTeam "Malawi"]
[BlackTeam "Trinidad & Tobago"]
[WhiteTeamCountry "MWI"]

1. d4 d5 2. c4 c6 3. e3 Nf6 4. Nc3 e6 5. Nf3 Bd6 6. Be2 O-O 7. O-O Nbd7 8. a3
b6 9. b4 Bc7 10. cxd5 exd5 11. Qc2 h6 12. Bb2 Re8 13. Rfc1 Bb7 14. Bd3 Nf8 15.
Ne2 Qd6 16. Ng3 Ne6 17. e4 dxe4 18. Nxe4 Nxe4 19. Bxe4 Ng5 20. Ne5 Re6 21. d5
Rxe5 22. Bxe5 Qxe5 23. g3 Nxe4 24. dxc6 Bc8 25. Re1 f5 26. f3 Qd4+ 27. Kg2 Qd2+
28. Qxd2 Nxd2 29. Re8+ Kh7 30. Rae1 Nc4 31. R1e7 Bd6 32. Re6 Rb8 33. c7 Bxc7
34. Rc6 Bb7 35. Rxc7 Rxe8 36. Rxc4 Re2+ 37. Kf1 Rxh2 38. f4 Ba6 39. b5 Bxb5 0-1

[Event "2021 FIDE Online Olympiad"]
[Site "Chess.com"]
[Date "2021.08.27"]
[Round "2.5"]
[White "Ramsumair, Daenon"]
[Black "Kaliba, Andrew"]
[Result "0-1"]
[WhiteElo "1469"]
[BlackElo "1000"]
[PlyCount "90"]
[EventDate "2021.08.27"]
[EventType "team"]
[EventRounds "9"]
[SourceVersionDate "2018.05.14"]
[WhiteTeam "Trinidad & Tobago"]
[BlackTeam "Malawi"]
[BlackTeamCountry "MWI"]

1. e4 c5 2. c3 e6 3. d4 cxd4 4. cxd4 d5 5. e5 Nc6 6. Nf3 Nge7 7. Bb5 a6 8. Ba4
b5 9. Bc2 Nf5 10. g4 Nh4 11. Nbd2 Bb4 12. Nxh4 Qxh4 13. a3 Ba5 14. b4 Bb6 15.
Nb3 Qh3 16. Bf4 a5 17. Rg1 axb4 18. Rg3 Qxh2 19. Ke2 Qh4 20. axb4 Rxa1 21. Qxa1
Qe7 22. Qa8 Qb7 23. Qa3 Nxd4+ 24. Nxd4 Bxd4 25. Bd3 Bd7 26. Rg2 Qa7 27. Qb3 Qa1
28. Qc2 Qb2 29. Rh2 h6 30. Kd2 Qxb4+ 31. Ke2 Qb2 32. Rh1 Qxc2+ 33. Bxc2 Ke7 34.
Rb1 Rb8 35. Bd3 g5 36. Bg3 b4 37. Rh1 Rh8 38. Rb1 Bc3 39. f4 Ba4 40. f5 h5 41.
f6+ Kd7 42. Kf3 hxg4+ 43. Kxg4 Bd2 44. Bf2 Rh2 45. Bd4 Rh4+ 0-1

[Event "2021 FIDE Online Olympiad"]
[Site "Chess.com"]
[Date "2021.08.27"]
[Round "2.6"]
[White "Dutt, Lakshita"]
[Black "La Fleur, Zara"]
[Result "0-1"]
[WhiteElo "1715"]
[BlackElo "1299"]
[PlyCount "48"]
[EventDate "2021.08.27"]
[EventType "team"]
[EventRounds "9"]
[SourceVersionDate "2018.05.14"]
[WhiteTeam "Malawi"]
[BlackTeam "Trinidad & Tobago"]
[WhiteTeamCountry "MWI"]

1. d4 d5 2. c4 c6 3. Nc3 Nf6 4. Bg5 Bf5 5. e3 e6 6. Nf3 h6 7. Bh4 Be7 8. cxd5
exd5 9. Bd3 Bxd3 10. Qxd3 O-O 11. O-O Nbd7 12. Rac1 Re8 13. Rfd1 Bd6 14. h3 Nf8
15. Qf5 Re6 16. Ne5 Qb8 17. f4 N8d7 18. Rf1 Qe8 19. g4 Bb4 20. g5 Bxc3 21. bxc3
Ne4 22. gxh6 Rxh6 23. Bg5 Re6 24. Kh1 Ng3+ 0-1

[Event "2021 FIDE Online Olympiad"]
[Site "Chess.com"]
[Date "2021.08.27"]
[Round "2.1"]
[White "Almiron, Antonio"]
[Black "Hanoeman, Suradj"]
[Result "1-0"]
[WhiteElo "2329"]
[BlackElo "1983"]
[PlyCount "89"]
[EventDate "2021.08.27"]
[EventType "team"]
[EventRounds "9"]
[SourceVersionDate "2018.05.14"]
[WhiteTeam "Paraguay"]
[BlackTeam "Suriname"]
[WhiteTeamCountry "PAR"]
[BlackTeamCountry "SUR"]

1. e4 c5 2. Nf3 e6 3. g3 b6 4. d4 cxd4 5. Nxd4 Bb7 6. Bg2 d6 7. c4 Nd7 8. Nc3
Qc7 9. b3 Rc8 10. O-O Ngf6 11. Ba3 Nc5 12. Re1 a6 13. Nd5 Nxd5 14. exd5 e5 15.
f4 Be7 16. fxe5 dxe5 17. Nf5 Bf6 18. d6 Qd7 19. Bxb7 Nxb7 20. Qf3 O-O 21. Ne7+
Bxe7 22. dxe7 Rfe8 23. Rad1 Qc7 24. Rf1 Rxe7 25. Bxe7 Qxe7 26. Qf5 Rf8 27. Rd7
Qc5+ 28. Qf2 Qxf2+ 29. Kxf2 Nc5 30. Ra7 f5 31. Ke2 a5 32. Rd1 f4 33. gxf4 exf4
34. Kf3 h6 35. Rd6 Kh7 36. h4 Re8 37. Rxb6 Re3+ 38. Kxf4 Re4+ 39. Kf3 Rxh4 40.
Rxa5 Nd3 41. c5 Ne5+ 42. Kf2 Rh5 43. Kg3 Rg5+ 44. Kf4 Nd3+ 45. Ke3 1-0

[Event "2021 FIDE Online Olympiad"]
[Site "Chess.com"]
[Date "2021.08.27"]
[Round "2.2"]
[White "Panchoe, Pratul"]
[Black "Heinechen, Juan"]
[Result "1-0"]
[WhiteElo "1837"]
[BlackElo "2001"]
[PlyCount "121"]
[EventDate "2021.08.27"]
[EventType "team"]
[EventRounds "9"]
[SourceVersionDate "2018.05.14"]
[WhiteTeam "Suriname"]
[BlackTeam "Paraguay"]
[WhiteTeamCountry "SUR"]
[BlackTeamCountry "PAR"]

1. d4 c5 2. dxc5 e6 3. Nf3 Bxc5 4. Bf4 d5 5. e3 Nf6 6. Nbd2 O-O 7. Bd3 b6 8.
O-O Bb7 9. c3 h6 10. Qe2 Nbd7 11. Rad1 Qe7 12. e4 dxe4 13. Nxe4 Nxe4 14. Bxe4
Bxe4 15. Qxe4 Nf6 16. Qe2 Rfd8 17. Ne5 Qb7 18. c4 Bd6 19. Nxf7 Kxf7 20. Bxd6
Qc6 21. Be5 Qe4 22. Qxe4 Nxe4 23. Rfe1 Nc5 24. Bc7 Rdc8 25. Be5 Rd8 26. Bd4 Nb7
27. Bc3 Rac8 28. b3 Nc5 29. Bd4 Na6 30. a3 Nb8 31. h4 Nc6 32. Bc3 Ne7 33. g3
Nc6 34. Kg2 Ne7 35. Kf3 b5 36. Rxd8 Rxd8 37. cxb5 Rd3+ 38. Re3 Rd1 39. Ke2 Rb1
40. Bd4 Nf5 41. Rf3 Ke8 42. Bxa7 Kd7 43. Rd3+ Kc7 44. Bc5 h5 45. b6+ Kc6 46.
Rc3 Kb7 47. a4 Ra1 48. Kf3 Ra2 49. Ke4 Re2+ 50. Kf4 Nh6 51. Be3 Ng4 52. Rc7+
Kb8 53. Rxg7 Rb2 54. a5 Rxb3 55. a6 Nxe3 56. a7+ Ka8 57. Rg8+ Kb7 58. a8=Q+
Kxb6 59. Rb8+ Kc7 60. Rxb3 Nd5+ 61. Ke5 1-0

[Event "2021 FIDE Online Olympiad"]
[Site "Chess.com"]
[Date "2021.08.27"]
[Round "2.4"]
[White "Kaslan, Alexandra"]
[Black "Vargas, Gabriela"]
[Result "0-1"]
[WhiteElo "1435"]
[BlackElo "2105"]
[PlyCount "118"]
[EventDate "2021.08.27"]
[EventType "team"]
[EventRounds "9"]
[SourceVersionDate "2018.05.14"]
[WhiteTeam "Suriname"]
[BlackTeam "Paraguay"]
[WhiteTeamCountry "SUR"]
[BlackTeamCountry "PAR"]

1. d4 d5 2. Nf3 Nf6 3. Bf4 c5 4. e3 Nc6 5. c3 Qb6 6. b3 cxd4 7. exd4 Bf5 8.
Nbd2 e6 9. Be2 Ba3 10. Nh4 Bb2 11. Nxf5 exf5 12. Rb1 Bxc3 13. O-O O-O 14. Nf3
Nxd4 15. Nxd4 Qxd4 16. Be3 Qxd1 17. Rbxd1 h6 18. Bd3 d4 19. Bc1 Ne4 20. f3 Nd6
21. Bf4 Rad8 22. Bxd6 Rxd6 23. Bxf5 Re8 24. Be4 b6 25. Rd3 Re5 26. g4 Ra5 27.
a4 b5 28. axb5 Rxb5 29. Rfd1 Rxb3 30. Kg2 a5 31. Ra1 Rb4 32. Rad1 Rbb6 33. f4
a4 34. Rf3 a3 35. Rf2 Rb2 36. Rxb2 Bxb2 37. Bb1 d3 38. Ba2 d2 39. Kf2 Bc1 40.
Ke2 Rb6 41. Kd3 Rb2 42. Bc4 a2 43. Bxa2 Rxa2 44. f5 f6 45. h4 Kf7 46. Ke4 Ra5
47. Kf4 Re5 48. g5 Re1 49. g6+ Ke7 50. Rxd2 Bxd2+ 51. Kf3 Kd6 52. Kf2 Ke5 53.
h5 Kf4 54. Kg2 Re2+ 55. Kf1 Kf3 56. Kg1 Rf2 57. Kh1 Kg3 58. Kg1 Be3 59. Kh1
Rh2# 0-1

[Event "2021 FIDE Online Olympiad"]
[Site "Chess.com"]
[Date "2021.08.27"]
[Round "2.5"]
[White "Allo Collante, Enrique"]
[Black "Kalidjo, Imaan"]
[Result "1-0"]
[WhiteElo "1619"]
[BlackElo "1692"]
[PlyCount "131"]
[EventDate "2021.08.27"]
[EventType "team"]
[EventRounds "9"]
[SourceVersionDate "2018.05.14"]
[WhiteTeam "Paraguay"]
[BlackTeam "Suriname"]
[WhiteTeamCountry "PAR"]
[BlackTeamCountry "SUR"]

1. c4 c5 2. g3 g6 3. Bg2 Bg7 4. Nc3 e5 5. Nf3 Ne7 6. O-O O-O 7. Ne1 Nbc6 8. Nc2
d6 9. a3 Be6 10. Ne3 f5 11. Ned5 Qd7 12. d3 h6 13. b4 cxb4 14. axb4 Bxd5 15.
Nxd5 Nxd5 16. Bxd5+ Kh7 17. Qa4 Qc7 18. e3 Ne7 19. Bg2 Rfd8 20. Qb5 Rd7 21. Bb2
a6 22. Qa5 Rc8 23. Qxc7 Rcxc7 24. Ra5 Nc6 25. Ra4 Ne7 26. Rb1 d5 27. c5 d4 28.
exd4 exd4 29. Re1 Nd5 30. Bxd5 Rxd5 31. Raa1 Bf6 32. Re6 Kg7 33. Rae1 Kf7 34.
Bc1 g5 35. Rb6 Re5 36. Rxe5 Bxe5 37. Rxh6 a5 38. bxa5 Rxc5 39. Bxg5 Rxa5 40.
Rb6 Ra7 41. Kf1 Ra1+ 42. Ke2 Ra2+ 43. Bd2 Ra7 44. Rb3 Bd6 45. Bb4 Bxb4 46. Rxb4
Ra2+ 47. Kf3 Ke6 48. Rxd4 Rb2 49. h4 b5 50. h5 Kf6 51. Rd5 b4 52. Rb5 b3 53.
Ke3 Rb1 54. Kd2 Rb2+ 55. Ke3 Rb1 56. f4 b2 57. Kd2 Rg1 58. Rxb2 Rxg3 59. Rb6+
Kg7 60. Rg6+ Rxg6 61. hxg6 Kxg6 62. Ke3 Kf6 63. Kd4 Ke6 64. Kc5 Kf6 65. Kd6 Kg6
66. Ke6 1-0

[Event "2021 FIDE Online Olympiad"]
[Site "Chess.com"]
[Date "2021.08.27"]
[Round "2.6"]
[White "Kaslan, Catherine"]
[Black "Oviedo Acosta, Paula"]
[Result "0-1"]
[WhiteElo "1856"]
[BlackElo "1311"]
[PlyCount "100"]
[EventDate "2021.08.27"]
[EventType "team"]
[EventRounds "9"]
[SourceVersionDate "2018.05.14"]
[WhiteTeam "Suriname"]
[BlackTeam "Paraguay"]
[WhiteTeamCountry "SUR"]
[BlackTeamCountry "PAR"]

1. e4 c5 2. Nf3 e6 3. d4 cxd4 4. Nxd4 a6 5. Nc3 b5 6. Bd3 Qb6 7. Nb3 Bb7 8. a4
b4 9. a5 Qc7 10. Na4 Nc6 11. Be3 Nf6 12. O-O Be7 13. f4 d6 14. Qf3 Rc8 15. Nb6
Rb8 16. Kh1 Nd7 17. Nxd7 Qxd7 18. Rae1 Bf6 19. f5 O-O 20. g4 Ne5 21. Qh3 Nxd3
22. cxd3 Bxb2 23. Re2 Be5 24. Kg1 exf5 25. gxf5 g6 26. Qh6 Bg7 27. Qh4 f6 28.
fxg6 hxg6 29. Bh6 Bxh6 30. Qxh6 Qh7 31. Qf4 Rbd8 32. Rg2 Rd7 33. Rf3 Rg7 34.
Rfg3 g5 35. Qxd6 Qh4 36. Nc5 Qf4 37. Qe6+ Kh7 38. Rh3+ Kg6 39. Rf2 Qc1+ 40. Kg2
Qxc5 41. Qg4 Kf7 42. Qd7+ Kg8 43. Qg4 f5 44. Qh5 g4 45. Qh8+ Kf7 46. Rh5 Rxh8
47. Rhxf5+ Qxf5 48. Rxf5+ Kg6 49. Kg3 Rh3+ 50. Kxg4 Rxd3 0-1